|
|
|
|
| LEADER |
00000ckm a2200000 a 4500 |
| 001 |
vtls011782320 |
| 003 |
SK-MaSNL |
| 005 |
20260512125851.0 |
| 007 |
kp bo |
| 008 |
230718q1922 xo g kuslo |
| 015 |
|
|
|a SNBG
|
| 035 |
|
|
|a urn:nbn:sk:snk-km00dpwz
|
| 035 |
|
|
|a urn:nbn:sk:snk-km3lxdt
|
| 035 |
|
|
|a 2A414891-65D6-4589-BF72-0990C7D6951F
|
| 040 |
|
|
|a SNK
|b slo
|c SNK
|e AACR2
|
| 041 |
0 |
|
|a slo
|
| 043 |
|
|
|a e-xo---
|
| 044 |
|
|
|a xo
|c SK
|
| 072 |
|
7 |
|a 913
|x Regionálna geografia
|2 konspekt
|
| 080 |
|
|
|a 913(437.6)
|2 2011
|
| 080 |
|
|
|a 711.455:615.838
|2 2011
|
| 080 |
|
|
|a (084.121)
|2 2011
|
| 245 |
0 |
0 |
|a Kúpele Smerdžonka
|h grafika
|
| 260 |
|
|
|a Smerdžonka
|b J. Mrázek
|c [medzi 1922 a 1941?]
|e Lipt. Sv. Mikuláš
|f Lumen
|
| 300 |
|
|
|a 1 pohľadnica
|b čiernobiela
|c 9 x 14 cm
|
| 500 |
|
|
|a Názvové údaje prevzaté z obrazovej časti pohľadnice
|
| 520 |
8 |
|
|a Zobrazenie: V bielom orámovaní pohľad na budovy pod horou, v popredí štyri ihličnaté stromy a za budovou zalesnený svah
|
| 610 |
2 |
7 |
|a Kúpele Červený Kláštor Smerdžonka (Slovensko)
|2 SNKKA
|9 179014
|
| 650 |
0 |
7 |
|a kúpele
|2 SNKPH
|9 1139
|
| 651 |
|
7 |
|a Červený Kláštor (Slovensko)
|2 SNKPHgeo
|9 22364
|
| 655 |
|
7 |
|a miestne pohľadnice
|2 SNKPH
|9 70510
|
| 752 |
|
|
|a Slovensko
|d Červený Kláštor
|
| 852 |
|
|
|a Slovenská národná knižnica
|
| 954 |
|
|
|a pohľadnice pôvodné (slovenské)
|2 lita
|
| 954 |
|
|
|a pohľadnice cudzojazyčné (svetové)
|2 lita
|
| 958 |
|
|
|a OND
|
| 958 |
|
|
|a GBN
|
| 958 |
|
|
|a GC
|
| 958 |
|
|
|a EUIPO
|
| 999 |
|
|
|c 1114674
|d 1116604
|
| 952 |
|
|
|a SNK
|b SNK
|y PREZ
|7 0
|p 17A1286910
|o snkSP 98908
|0 0
|1 0
|4 0
|d 2018-10-02
|f 1
|l 0
|r 2026-02-24 18:12:35
|w 2026-02-24
|